La fundamentación normativa en Domingo Bañez.
Đã lưu trong:
| Tác giả chính: | |
|---|---|
| Định dạng: | Sách |
| Được phát hành: |
Oviedo, España:
Universidad de Oviedo, Servicio de Publicaciones,
1977?
|
| Loạt: | Serie Derecho,
|
| Những chủ đề: | |
| Các nhãn: |
Thêm thẻ
Không có thẻ, Là người đầu tiên thẻ bản ghi này!
|
MARC
| LEADER | 00000nam a22000007a 4500 | ||
|---|---|---|---|
| 003 | CL-VaPUC | ||
| 005 | 20220822114721.0 | ||
| 008 | 220725b1977 ||||| |||| 00| 0 eng d | ||
| 999 | |c 437532 |d 437530 | ||
| 020 | |a 84-600-0851-7 | ||
| 040 | |c Pontificia Universidad Católica de Valparaíso | ||
| 082 | |a 189.4 MAR 1977? | ||
| 100 | |a Martínez Roldán, Luis |9 477701 |e autor | ||
| 245 | 1 | 3 | |a La fundamentación normativa en Domingo Bañez. |
| 260 | |a Oviedo, España: |b Universidad de Oviedo, Servicio de Publicaciones, |c 1977? | ||
| 300 | |a 233 páginas. | ||
| 490 | |a Serie Derecho, |n 5. | ||
| 500 | |a c.1 Donación Familia Prof. Alejandro Guzmán Brito. | ||
| 583 | |c 20220725 |k Cristina María Rojas Aguilar | ||
| 600 | |a Bañez, Domingo |d 1528-1604. |9 874966 | ||
| 650 | |a Antropología teológica |x Cristianismo |x Historia de las doctrinas |y Siglo 16 |9 874967 | ||
| 942 | |2 ddc |c BK |n 0 | ||
| 952 | |0 0 |1 0 |2 ddc |4 0 |6 189_400000000000000_MAR_1977 |7 0 |8 C_AGB |9 585304 |a BIBDER |b BIBDER |d 2022-07-25 |e Donación |i 5653337 |o 189.4 MAR 1977 |p 5653337 |r 2023-01-25 |t 1 |w 2022-07-25 |y BK_US |k AGB | ||